000 00345nam a2200133Ia 4500
008 240624s9999 xx 000 0 und d
041 _aeng
082 _a158 WAT
100 _aWATSON ANNE
245 _aHOW TO SUCCEED WITH NLP GO FROM GOOD TO
260 _c2010
_aUnited Kingdom
_bCapstone
300 _av, : 249 : p. : cm. ; 21
365 _c
_b27
999 _c16864
_d16864